| 000 | 00631nam a2200229Ia 4500 | ||
|---|---|---|---|
| 001 | 9247 | ||
| 003 | GE_BSU | ||
| 008 | 181216s||||||||xx |||||||||||||| ||und|| | ||
| 040 | _cGE_BSU | ||
| 080 | _a821.353.1-31 | ||
| 100 | _aლორია,პარმენ | ||
| 245 | _aტალღები | ||
| 245 | _bრომანი | ||
| 245 | _cრედ:ი.რურუა;მხატვ:ა.მესხი | ||
| 260 | _aბათუმი. | ||
| 260 | _bსახელგამი | ||
| 260 | _c1953 | ||
| 300 | _a362გვ;23სმ. | ||
| 653 | _aრომანი | ||
| 653 | _aტალღები | ||
| 942 | _cBK | ||
| 999 |
_c42549 _d42549 |
||